Tras los pasos de Jesús en la Historia y en la fe. Catequesis para adultos.

Saved in:
Bibliographic Details
Main Author: Meneses Iturrizaga, Luis Eugenio (autor)
Format: Book
Language:Spanish
Published: Valparaíso, Chile: Litografía Garín, 2011.
Subjects:
Tags: Add Tag
No Tags, Be the first to tag this record!

MARC

LEADER 00000cam a2200000 a 4500
001 UCG7781
003 CL-VaPUC
005 20220822114402.0
008 110921e20110000CL |||||||||||||||||spa|d
999 |c 345534  |d 345532 
020 |a 978-956-345-210-5 
040 |c Pontificia Universidad Católica de Valparaíso 
082 0 4 |a 232 MEN 2011  |2 21 
100 |a Meneses Iturrizaga, Luis Eugenio  |e autor  |9 558306 
245 1 0 |a Tras los pasos de Jesús en la Historia y en la fe.   |b Catequesis para adultos. 
260 |a Valparaíso, Chile:  |b Litografía Garín,  |c 2011.  
300 |a 191 páginas.  
500 |a c.2 Donación Familia Prof. Alejandro Guzmán Brito.  
583 |a last modification  |c 20110921 11:47:00  |k Rodrigo Vera 
600 0 |a Jesús  |9 313614 
942 |c BK  |2 ddc  |n 0 
945 |d 20110921 00:00:00  |a dcastane 
952 |0 0  |1 0  |4 0  |6 232_000000000000000_MEN_2011  |7 0  |8 A  |9 444400  |a BIBTEO  |b BIBTEO  |d 2019-11-22  |i 4790944  |o 232 MEN 2011  |p 4790944  |r 2025-01-17  |w 2019-11-22  |y BK  |k ICR 
952 |0 0  |1 0  |2 ddc  |4 0  |6 232_000000000000000_MEN_2011  |7 1  |8 C_AGB  |9 580897  |a BIBDER  |b BIBDER  |d 2022-01-27  |e Donación   |i 5642418  |o 232 MEN 2011  |p 5642418  |r 2023-01-25  |t 2  |w 2022-01-27  |y BK_US  |k AGB